000 00319nam a2200109Ia 4500
008 221030s9999 xx 000 0 und d
245 0 _aAnalysis of Accounts Receivables & Purchase Orders of HCCBPL
260 _bHindustan Coca Cola Beverages Pvt. Ltd.
_aJAMMU
_c2014
300 _a77
650 _aManagement
942 _cTH
999 _c16489
_d16489